Vista normal
Vista MARC
Entrada Nombre de reunión
Número de registros utilizados en: 1
001 - NÚMERO DE CONTROL
- Campo de control: 37947
003 - IDENTIFICADOR DE NÚMERO DE CONTROL
- Campo de control: ES-MaCES
005 - FECHA Y HORA DE LA ULTIMA MODIFICACION
- Campo de control: 20170324135759.0
008 - ELEMENTOS DE DATOS DE LONGITUD FIJA
- Campo de longitud fija: 170324|| azz||aabn | a|a d
040 ## - FUENTE DE LA CATALOGACIÓN
- Agencia original de catalogación: ES-MaCES
111 ## - ENCABEZAMIENTO--NOMBRE DE REUNIÓN
- Nombre de reunión o jurisdicción como elemento de entrada: Premio "Juan José Linz"
- Fecha de reunión: 2014
670 ## - FUENTE DE DATOS ENCONTRADOS
- Fuente de citación: CD del CES

